000 01305nam a22002657a 4500
003 AR-RoUNCS
005 20260310120313.0
007 ta
008 050502s1987 ag |||||||||||||| f|spa
015 _aAR-1987
040 _aAR-BaBN
_bspa
_cAR-RoUNCS
_eaacr
041 1 _aspa
_hfre
044 _aag
_car-c
080 0 _a82-311.3(44)
_22016
100 1 _aVerne, Jules,
_d1828-1905
_eautor
_4aut
245 1 0 _aDe la tierra a la luna /
_cJulio Verne.
250 _a7a ed.
260 _aSantiago de Chile :
_bPublicidad y Ediciones,
_c1987.
300 _a126 p. ;
_c21 cm.
490 0 _aObras Completas Julio Verne ;
_v9
520 3 _aEstamos en 1865. El primero de diciembre, a las once menos trece minutos, ni un segundo antes ni después, debe ser lanzado aquel inmenso proyectil... En su interior viajarán tres originales y pintorescos personajes, los tres primeros hombres que se dirigen a la Luna. Es un proyecto fabuloso que ha despertado el interés del mundo entero. Pero no es tarea fácil tener todo listo para esa fecha... Sin embargo, si esto no se logra, habrá que esperar dieciocho años y once días para que la Luna esté en las mismas condiciones de cercanía de la Tierra.
650 7 _aLiteratura franscesa
_2embne
655 7 _aNovelas de ciencia ficción
_2embne
942 _2udc
_cOG
_n0
999 _c959
_d959